000 01136nam a2200265Ia 4500
003 OSt
005 20221005104751.0
006 a|||||r|||| 00| 0
007 ta
008 221004b |||||||| |||| 00| 0 hin d
020 _a9789380172385 (pbk)
024 _a27445
037 _bGift, 27/07/2016,
_cTextual
040 _aCRL
_cCRL
_bhin
041 _2hin
_ahin
082 _aT6:3, 152Q1
100 _aकंसल, देवेंद्र कुमार
245 0 _aशारीरिक शिक्षा में प्रायोगिक मापन,मूल्यांकन तथा खेल चयन
246 _aShārīrik shikṣhā mean prāyogik māpana,mūlyāankan tathā khel chayana
260 _aदिल्ली
_bविश्वविद्यालय हिन्दी माध्यम कार्यान्वय निदेशालय भारत
_c2011
300 _a413पृ0
_ccm.
650 _aशिक्षण
942 _hT6:3, 152Q1
_cTEXL
_2cc
999 _c1013719
_d1013719